000 01034cam a22003377a 4500
001 6812
003 FISKH
005 20250529104330.0
008 070917s2007 nyua j 000 1 eng
010 _a 2007278265
020 _a9780689871504
020 _a0689871503
020 _a9780689871504
040 _aDLC
_cDLC
_dDLC
_beng
050 _aPZ7.W6656 H
082 _a531
100 1 _aWilliams, Jacklyn.
245 1 4 _aThe haunted schoolhouse :
_ba spooky lift-the-flap book / by Jacklyn Williams ; illustrated by Doug Cushman.
250 _a1st ed.
260 _aNew York :
_bLittle Simon,
_c2007.
300 _a16 unnumbered pages :
_bcolor illustrations ;
_c21 cm
505 _aE
520 _aVisit Miss Grunge's ghastly class at the haunted schoolhouse.
521 _a160
_bLexile estimate
521 _aE
_bRaz-Plus
650 _aLift the Flap
_vHolidays
700 1 _aCushman, Doug.
_eillustrator
906 _a7
_bcbc
_corigres
_d4
_encip
_f20
_gy-gencatlg
942 _2ddc
_cBK
_n0
999 _c6812
_d6812